000 00425cam a22001217a 4500
008 180718b1967 xxu||||| |||| 00| 0 eng d
082 _aL2312 Am35
245 _aProblems in urban real estate appraisal with suggested solutions
_cBy American institute of real estate appraisers
250 _a4th
260 _aChicago
_bAmerican institute of real estate appraisers
_c1967
300 _a220p
650 _aReal property - Valuation
999 _c410189
_d410189